Transforming worldviews : (Record no. 1200)
[ view plain ]
| 000 -LEADER | |
|---|---|
| fixed length control field | 01768cam a2200361 a 4500 |
| 001 - CONTROL NUMBER | |
| control field | 15095726 |
| 003 - CONTROL NUMBER IDENTIFIER | |
| control field | GBCCL |
| 005 - DATE AND TIME OF LATEST TRANSACTION | |
| control field | 20241126110355.0 |
| 008 - FIXED-LENGTH DATA ELEMENTS--GENERAL INFORMATION | |
| fixed length control field | 071128s2008 miua b 001 0 eng |
| 010 ## - | |
| -- | 2007048743 |
| 020 ## - INTERNATIONAL STANDARD BOOK NUMBER | |
| International Standard Book Number | 9780801027055 (pbk.) |
| 020 ## - INTERNATIONAL STANDARD BOOK NUMBER | |
| International Standard Book Number | 0801027055 (pbk.) |
| 035 ## - SYSTEM CONTROL NUMBER | |
| System control number | (OCoLC)ocn183392145 |
| 040 ## - CATALOGING SOURCE | |
| Original cataloging agency | DLC |
| Transcribing agency | DLC |
| Modifying agency | BAKER |
| -- | BTCTA |
| -- | YDXCP |
| -- | C#P |
| -- | BWX |
| -- | DLC |
| 050 00 - | |
| -- | BV2063 |
| -- | .H468 2008 |
| 082 00 - DEWEY DECIMAL CLASSIFICATION NUMBER | |
| Classification number | 266.001 |
| Edition information | 22 |
| Item number | HIE |
| 100 1# - MAIN ENTRY--PERSONAL NAME | |
| Personal name | Hiebert, Paul G., |
| Dates associated with a name | 1932- |
| 9 (RLIN) | 2217 |
| 245 10 - TITLE STATEMENT | |
| Title | Transforming worldviews : |
| Remainder of title | an anthropological understanding of how people change / |
| Statement of responsibility, etc. | Paul G. Hiebert. |
| 260 ## - PUBLICATION, DISTRIBUTION, ETC. | |
| Place of publication, distribution, etc. | Grand Rapids, Mich. : |
| Name of publisher, distributor, etc. | Baker Academic, |
| Date of publication, distribution, etc. | c2008. |
| 300 ## - PHYSICAL DESCRIPTION | |
| Extent | 367 p. : |
| Other physical details | ill. ; |
| Dimensions | 23 cm. |
| 504 ## - BIBLIOGRAPHY, ETC. NOTE | |
| Bibliography, etc. note | Includes bibliographical references (p. 347-358) and index. |
| 505 0# - FORMATTED CONTENTS NOTE | |
| Formatted contents note | The concept of worldview -- Characteristics of worldviews -- Worldviews in human contexts -- Methods for analyzing worldviews -- Worldviews of small-scale oral societies -- Peasant worldviews -- The modern worldview -- The worldview of late modernity or postmodernity -- The post-postmodern or glocal worldview -- Toward a biblical worldview -- Transforming worldviews. |
| 650 #0 - SUBJECT ADDED ENTRY--TOPICAL TERM | |
| Topical term or geographic name entry element | Missions |
| General subdivision | Theory. |
| 9 (RLIN) | 48 |
| 650 #0 - SUBJECT ADDED ENTRY--TOPICAL TERM | |
| Topical term or geographic name entry element | Missions |
| General subdivision | Anthropological aspects. |
| 9 (RLIN) | 2221 |
| 650 #0 - SUBJECT ADDED ENTRY--TOPICAL TERM | |
| Topical term or geographic name entry element | Christianity and other religions. |
| 9 (RLIN) | 12 |
| 650 #0 - SUBJECT ADDED ENTRY--TOPICAL TERM | |
| Topical term or geographic name entry element | Religion and culture. |
| 9 (RLIN) | 84 |
| 650 #0 - SUBJECT ADDED ENTRY--TOPICAL TERM | |
| Topical term or geographic name entry element | Philosophy. |
| 9 (RLIN) | 101 |
| 650 #0 - SUBJECT ADDED ENTRY--TOPICAL TERM | |
| Topical term or geographic name entry element | Ideology. |
| 9 (RLIN) | 2222 |
| 856 41 - ELECTRONIC LOCATION AND ACCESS | |
| Materials specified | Table of contents only |
| Uniform Resource Identifier | <a href="http://www.loc.gov/catdir/toc/ecip085/2007048743.html">http://www.loc.gov/catdir/toc/ecip085/2007048743.html</a> |
| 906 ## - LOCAL DATA ELEMENT F, LDF (RLIN) | |
| a | 7 |
| b | cbc |
| c | orignew |
| d | 1 |
| e | ecip |
| f | 20 |
| g | y-gencatlg |
| 942 ## - ADDED ENTRY ELEMENTS (KOHA) | |
| Source of classification or shelving scheme | Dewey Decimal Classification |
| Koha item type | Books |
| Koha issues (borrowed), all copies | 12 |
| Withdrawn status | Lost status | Source of classification or shelving scheme | Damaged status | Not for loan | Home library | Current Library | Shelving location | Date acquired | Total checkouts | Total renewals | Full call number | Barcode | Date last seen | Date last checked out | Copy number | Price effective from | Koha item type |
|---|---|---|---|---|---|---|---|---|---|---|---|---|---|---|---|---|---|
| Dewey Decimal Classification | GRACE BIBLE COLLEGE | GRACE BIBLE COLLEGE | Ministry & Mission | 2017-04-20 | 13 | 2 | 266.001 HIE | 010386 | 2025-09-25 | 2025-09-23 | c.2 | 2017-04-20 | Books | ||||
| Dewey Decimal Classification | GRACE BIBLE COLLEGE | GRACE BIBLE COLLEGE | Ministry & Mission | 2017-04-20 | 2 | 266.001 HIE | 010385 | 2025-05-01 | 2023-07-31 | c.1 | 2017-04-20 | Books |